书目信息 |
| 题名: |
中国最牛的营销大师史玉柱
|
|
| 作者: | 梅朝荣 著 | |
| 分册: | ||
| 出版信息: | 武汉 武汉大学出版社 2008.04 |
|
| 页数: | 278页 | |
| 开本: | 24cm | |
| 丛书名: | ||
| 单 册: | ||
| 中图分类: | K825.38 | |
| 科图分类: | ||
| 主题词: | ||
| 电子资源: | ||
| ISBN: | 978-7-307-06146-0 | |
| 000 | 00651nam0 2200205 450 | |
| 001 | 1154707421 | |
| 005 | 20111227144732.96 | |
| 010 | @a978-7-307-06146-0@dCNY29.80 | |
| 100 | @a20111227d2008 km y0chiy0120 ea | |
| 101 | 0 | @achi |
| 102 | @aCN@b420000 | |
| 105 | @az z 000yy | |
| 200 | 1 | @a中国最牛的营销大师史玉柱@Azhong guo zui niu de ying xiao da shi shi yu zhu@f梅朝荣著@Fmei chao rong zhu |
| 210 | @a武汉@c武汉大学出版社@d2008.04 | |
| 215 | @a278页@d24cm | |
| 600 | 0 | @a史玉柱@x传记@x中国 |
| 690 | @aK825.38@v4 | |
| 701 | 0 | @a梅朝荣@Amei chao rong@4著 |
| 801 | 0 | @aCN@b大连网信软件有限公司图书馆·11@c20111227 |
| 905 | @aZUCC@dK825.38@eM432@f5 | |
| 中国最牛的营销大师史玉柱/梅朝荣著.-武汉:武汉大学出版社,2008.04 |
| 278页;24cm |
| ISBN 978-7-307-06146-0:CNY29.80 |
| ● |
| 相关链接 |
|
|
|
正题名:中国最牛的营销大师史玉柱
索取号:K825.38/M432
 
预约/预借
| 序号 | 登录号 | 条形码 | 馆藏地/架位号 | 状态 | 备注 |
| 1 | 1069974 | 210699742 | 社科库309/309社科库 48排7列1层/ [索取号:K825.38/M432] | 在馆 | |
| 2 | 1069975 | 210699751 | 自科二线404/400A自科库 9排1列1层/ [索取号:K825.38/M432] | 在馆 | |
| 3 | 1069976 | 210699760 | 社科库309/309社科库 48排7列1层/ [索取号:K825.38/M432] | 在馆 | |
| 4 | 1069977 | 210699779 | 自科二线404/400A自科库 9排1列1层/ [索取号:K825.38/M432] | 在馆 | |
| 5 | 1069978 | 210699788 | 社科库309/309社科库 48排7列1层/ [索取号:K825.38/M432] | 在馆 |